00573 2200229 4500001002100000008004100021035002000062245003800082100002000120260003100140300002400171020002200195084002000217082001400237650002000251990001200271990001200283990001200295990001200307990001200319990001200331INLIS000000000015566 ind  a0010-0323000014 aToday, I Miss Youc@na.rusmayanti aRUSMAYANTI, @na aJakarta :bGrasindo,c2019 avi, 195 hal.c20 cm a978-602-05-2168-8 a899.221 3 RUS t a899.221 3 aFIKSI INDONESIA a10394 a a10394 b a10394 c a10394 d a10394 e a10394 f